Т. 5: Вакуумное и элегазовое коммутационное оборудование; Электрические аппараты

Bibliografske podrobnosti
Parent link:Электрические аппараты/ Академия наук СССР (АН СССР), Всесоюзный институт научной и технической информации (ВИНИТИ). Т. 5: Вакуумное и элегазовое коммутационное оборудование.— , 1979-1990.— 0202-8301
Glavni avtor: Серяков К. И.
Drugi avtorji: Чемерис В. С. (редактор), Быковец Ю. Я.
Jezik:ruščina
Izdano: 1990
Teme:
Format: MixedMaterials Knjiga
KOHA link:https://koha.lib.tpu.ru/cgi-bin/koha/opac-detail.pl?biblionumber=246052

MARC

LEADER 00000nam2a2200000 4500
001 246052
005 20231101232156.0
035 |a (RuTPU)RU\TPU\book\267491 
090 |a 246052 
100 |a 20131122d1990 k y0rusy50 ca 
101 0 |a rus 
102 |a RU 
105 |a a z 001zy 
200 0 |a Т. 5: Вакуумное и элегазовое коммутационное оборудование  |f К. И. Серяков, В. С. Чемерис  |g науч. ред. Ю. Я. Быковец 
210 |d 1990 
215 |a 136 с.  |c ил. 
320 |a Библиогр.: с. 126-133. 
461 1 |0 (RuTPU)RU\TPU\book\110710  |x 0202-8301  |t Электрические аппараты  |f Академия наук СССР (АН СССР), Всесоюзный институт научной и технической информации (ВИНИТИ)  |v Т. 5: Вакуумное и элегазовое коммутационное оборудование  |d 1979-1990  |s Электрические аппараты 
606 1 |a Электрические аппараты и приборы  |2 stltpush  |3 (RuTPU)RU\TPU\subj\26902  |9 50734 
610 1 |a вакуумное оборудование 
610 1 |a элегазовое оборудование 
610 1 |a коммутационное оборудование 
610 1 |a элегазовые выключатели 
610 1 |a дугогасительные устройства 
610 1 |a разработка 
610 1 |a надежность 
610 1 |a распределительные устройства 
610 1 |a вакуумные выключатели 
675 |a 621.31  |v 3 
700 1 |a Серяков  |b К. И. 
701 1 |a Чемерис  |b В. С. 
702 1 |a Быковец  |b Ю. Я.  |4 340 
801 1 |a RU  |b 63413507  |c 20131122 
801 2 |a RU  |b 63413507  |c 20131127  |g RCR 
942 |c BK